[Event "TOP 16 Poule Basse"]
[Site "Le Port Marly FRA"]
[Date "2009.05.29"]
[Round "9"]
[White "Bokias, I."]
[Black "Giffard, N."]
[Result "0-1"]
[WhiteElo "2046"]
[BlackElo "2377"]
[PlyCount "98"]
[EventDate "2009.05.28"]

1. d4 Nf6 2. Nf3 e6 3. Bg5 h6 4. Bh4 Be7 5. e3 b6 6. Bd3 Bb7 7. Nbd2 Nd5 8.
Bxe7 Qxe7 9. a3 c5 10. dxc5 bxc5 11. Nc4 Nc7 12. Nfe5 d6 13. Bg6 dxe5 14. Nd6+
Kf8 15. Nxf7 Rg8 16. Nxe5 Nd5 17. Be4 Qc7 18. Qf3+ Ke8 19. Qh5+ Kd8 20. O-O-O
Kc8 21. Nc4 Rd8 22. Qg4 Qe7 23. Ne5 a5 24. c4 Nf6 25. Bxb7+ Kxb7 26. Qf3+ Ka7
27. Rxd8 Qxd8 28. Nc6+ Nxc6 29. Qxc6 Qb6 30. Qxb6+ Kxb6 31. Rd1 Kc6 32. f3 a4
33. Kc2 Rb8 34. Rd3 Nd7 35. h3 Ne5 36. Rc3 Kd6 37. f4 Nc6 38. b3 axb3+ 39. Rxb3
Rxb3 40. Kxb3 Na5+ 41. Kc3 e5 42. g4 e4 43. h4 Ke6 44. a4 Kf6 45. g5+ Kg6 46.
Kd2 Nxc4+ 47. Kc3 Nxe3 48. a5 Nd5+ 49. Kc4 e3 0-1

[Event "TOP 16 Poule Basse"]
[Site "Le Port Marly FRA"]
[Date "2009.05.29"]
[Round "9"]
[White "Lefevre, Ma"]
[Black "Cochet, C."]
[Result "1/2-1/2"]
[WhiteElo "2021"]
[BlackElo "2052"]
[PlyCount "46"]
[EventDate "2009.05.28"]

1. e4 c5 2. Nf3 Nc6 3. d4 cxd4 4. Nxd4 g6 5. c4 Nf6 6. Nc3 d6 7. Be2 Bg7 8. Be3
O-O 9. O-O Bd7 10. Rc1 Nxd4 11. Bxd4 Bc6 12. f3 Nd7 13. Bf2 a5 14. b3 Nc5 15.
Qd2 Qb6 16. Nd5 Bxd5 17. Qxd5 Rfc8 18. Rfd1 Qc6 19. Qxc6 Rxc6 20. Rb1 Kf8 21.
a3 Rcc8 22. g3 h5 23. Bf1 Rc6 1/2-1/2

[Event "TOP 16 Poule Basse"]
[Site "Le Port Marly FRA"]
[Date "2009.05.29"]
[Round "9"]
[White "Vaisser, A."]
[Black "David, Alb"]
[Result "1/2-1/2"]
[WhiteElo "2513"]
[BlackElo "2587"]
[PlyCount "30"]
[EventDate "2009.05.28"]

1. d4 Nf6 2. c4 e6 3. Nc3 Bb4 4. e3 O-O 5. Nf3 d5 6. Be2 c5 7. O-O cxd4 8. exd4
dxc4 9. Bxc4 Bxc3 10. bxc3 Qc7 11. Qd3 Nbd7 12. Ba3 Rd8 13. Be7 Re8 14. Bxf6
Nxf6 15. Ne5 b6 1/2-1/2

[Event "TOP 16 Poule Basse"]
[Site "Le Port Marly FRA"]
[Date "2009.05.29"]
[Round "9"]
[White "Shirazi, K."]
[Black "Rozentalis, E."]
[Result "0-1"]
[WhiteElo "2404"]
[BlackElo "2595"]
[PlyCount "81"]
[EventDate "2009.05.28"]

1. e4 e6 2. d4 d5 3. exd5 exd5 4. c4 Bb4+ 5. Nc3 Ne7 6. Bd3 Nbc6 7. Nge2 Bf5 8.
Bxf5 Nxf5 9. cxd5 Qxd5 10. O-O Qd7 11. d5 Nce7 12. Qb3 a5 13. a3 Bxc3 14. Nxc3
O-O 15. Rd1 Rfb8 16. a4 Ra6 17. Qb5 Qd6 18. Qc4 Rc8 19. b3 Ng6 20. Ba3 Qd8 21.
Rac1 Nd6 22. Qd4 Rb6 23. Bxd6 Rxd6 24. Qa7 b6 25. Qa6 Ne7 26. g3 h6 27. h4 Qd7
28. Qb7 Rd8 29. Re1 Ng6 30. Re3 Ne7 31. Nb5 Rxd5 32. Qxc7 Rc8 33. Rxe7 Rxc7 34.
Nxc7 Rd1+ 35. Rxd1 Qxd1+ 36. Kg2 Qxb3 37. Re4 Qc2 38. Re8+ Kh7 39. Re7 Qxa4 40.
Rxf7 Qc6+ 41. Kg1 0-1

[Event "TOP 16 Poule Basse"]
[Site "Le Port Marly FRA"]
[Date "2009.05.29"]
[Round "9"]
[White "Doettling, F."]
[Black "Pira, D."]
[Result "1-0"]
[WhiteElo "2564"]
[BlackElo "2388"]
[PlyCount "106"]
[EventDate "2009.05.28"]

1. d4 c5 2. d5 Nf6 3. Nf3 g6 4. Nc3 Bg7 5. e4 d6 6. Bb5+ Nfd7 7. a4 O-O 8. O-O
Na6 9. Re1 Nc7 10. Bf1 b6 11. Bf4 Ne5 12. Nxe5 dxe5 13. Be3 Ne8 14. a5 Bd7 15.
axb6 axb6 16. Bb5 Bxb5 17. Nxb5 Nd6 18. Nxd6 exd6 19. Qe2 Qd7 20. Ra6 Qb7 21.
Rea1 b5 22. R6a5 Rxa5 23. Rxa5 Ra8 24. Qxb5 Rxa5 25. Qxa5 Qxb2 26. Qa8+ Bf8 27.
h4 Kg7 28. Bh6+ Kxh6 29. Qxf8+ Kh5 30. Qxf7 Kxh4 31. Qxh7+ Kg5 32. g3 Kf6 33.
Qd7 Qb8 34. Kg2 Kg5 35. c3 Kh6 36. Qh3+ Kg7 37. Qd7+ Kh6 38. Qh3+ Kg7 39. Qe6
Kh6 40. Qe7 Qb6 41. Qf8+ Kh7 42. Qf7+ Kh6 43. Qg8 g5 44. Qf8+ Kh7 45. Qf5+ Kh6
46. Qf6+ Kh7 47. Qxg5 Qb1 48. Qf5+ Kg7 49. g4 Qd3 50. g5 c4 51. g6 Qe2 52. Qf3
Qe1 53. Qf7+ Kh6 1-0

[Event "TOP 16 Poule Basse"]
[Site "Le Port Marly FRA"]
[Date "2009.05.29"]
[Round "9"]
[White "San Emeterio Cabanes, J."]
[Black "Roos, Dan"]
[Result "1/2-1/2"]
[WhiteElo "2392"]
[BlackElo "2425"]
[PlyCount "149"]
[EventDate "2009.05.28"]

1. Nf3 Nf6 2. g3 d5 3. Bg2 c6 4. d3 Bg4 5. O-O Nbd7 6. Nbd2 e5 7. e4 dxe4 8.
dxe4 Qc7 9. h3 Bh5 10. Qe1 Nc5 11. Nh4 Nfd7 12. b3 Ne6 13. Bb2 Bc5 14. Nc4 O-O
15. Kh1 b5 16. Ne3 Rfe8 17. Nef5 f6 18. f4 Rad8 19. g4 Bg6 20. fxe5 Nxe5 21.
Rd1 Rxd1 22. Qxd1 Rd8 23. Qe1 Rd7 24. Bc1 a6 25. Qg3 Ba7 26. Nf3 Bb8 27. Nxe5
Qxe5 28. Qxe5 Bxe5 29. h4 h5 30. g5 Nd4 31. Rd1 Nxf5 32. Rxd7 Ng3+ 33. Kg1 Ne2+
34. Kf2 Nxc1 35. a4 Na2 36. axb5 axb5 37. c4 Nc3 38. cxb5 cxb5 39. Ke3 Bg3 40.
gxf6 gxf6 41. Kd4 Be5+ 42. Kc5 Bf7 43. Rd8+ Kg7 44. Kb4 Ne2 45. Kxb5 Nd4+ 46.
Kb6 Bxb3 47. Rd7+ Kg6 48. Bh3 Be6 49. Bxe6 Nxe6 50. Rd1 Nf4 51. Kc5 Kh6 52. Rh1
Ng6 53. Rh3 Kg7 54. Kc6 Kf7 55. Kd7 Bd4 56. Rh2 Be3 57. Kd8 Bb6+ 58. Kd7 Ne5+
59. Kd6 Ba7 60. Rh3 Ng6 61. Rb3 Bf2 62. Rb7+ Kg8 63. Ke6 Bxh4 64. Rb5 Kg7 65.
e5 fxe5 66. Rxe5 Bf6 67. Rb5 h4 68. Kf5 h3 69. Rb7+ Be7 70. Kg4 h2 71. Rb1 Bc5
72. Rh1 Bg1 73. Kh3 Nf4+ 74. Kg3 Ne2+ 75. Kg2 1/2-1/2

[Event "TOP 16 Poule Basse"]
[Site "Le Port Marly FRA"]
[Date "2009.05.29"]
[Round "9"]
[White "Lamorelle, J."]
[Black "Roos, Louis1"]
[Result "0-1"]
[WhiteElo "2170"]
[BlackElo "2350"]
[PlyCount "98"]
[EventDate "2009.05.28"]

1. e4 d6 2. d4 Nf6 3. Nc3 g6 4. Nf3 Bg7 5. g3 O-O 6. Bg2 c6 7. O-O Qc7 8. h3 e5
9. a4 Nbd7 10. Be3 Re8 11. dxe5 dxe5 12. Nd2 b6 13. Qf3 Nf8 14. Rfd1 Ne6 15.
Ne2 Ba6 16. h4 h5 17. Bh3 Rad8 18. a5 Bc8 19. axb6 axb6 20. Nc4 c5 21. c3 Nd4
22. Nxd4 cxd4 23. Bxc8 Rxc8 24. Bg5 Nh7 25. Na3 Nxg5 26. hxg5 Qc6 27. Qd3 dxc3
28. Rac1 Qa4 29. Nb5 cxb2 30. Rb1 Bf8 31. Nc3 Qa3 32. Nd5 Qxd3 33. Rxd3 Rc1+
34. Rd1 Rxd1+ 35. Rxd1 Rc8 36. Nf6+ Kg7 37. Kg2 Be7 38. Rb1 Rc2 39. g4 Bxf6 40.
gxf6+ Kxf6 41. gxh5 gxh5 42. Kf3 h4 43. Kg4 Rxf2 44. Kxh4 Ke6 45. Kg3 Rc2 46.
Kf3 b5 47. Ke3 b4 48. Kd3 b3 49. Ke3 Kd6 0-1

[Event "TOP 16 Poule Basse"]
[Site "Le Port Marly FRA"]
[Date "2009.05.29"]
[Round "9"]
[White "Reinhart, E."]
[Black "Carpentier, P."]
[Result "0-1"]
[WhiteElo "2329"]
[BlackElo "2235"]
[PlyCount "58"]
[EventDate "2009.05.28"]

1. e4 e6 2. d4 d5 3. Nc3 Bb4 4. e5 Ne7 5. a3 Bxc3+ 6. bxc3 c5 7. Qg4 Qc7 8.
Qxg7 Rg8 9. Qxh7 cxd4 10. Ne2 Nbc6 11. f4 dxc3 12. Qd3 d4 13. Ng3 Bd7 14. Ne4
O-O-O 15. Nd6+ Kb8 16. Rb1 b6 17. g3 Nf5 18. Nxf5 exf5 19. Bg2 Be6 20. a4 Ba2
21. Ra1 Nb4 22. Qxf5 Be6 23. Qe4 Bd5 24. Qe2 Bxg2 25. Qxg2 Nxc2+ 26. Qxc2 d3
27. Qb3 d2+ 28. Bxd2 Rxd2 29. Rc1 Qc5 0-1

[Event "TOP 16 Poule Basse"]
[Site "Le Port Marly FRA"]
[Date "2009.05.29"]
[Round "9"]
[White "Dacalor, A."]
[Black "Nicoara, M."]
[Result "0-1"]
[WhiteElo "2038"]
[BlackElo "2167"]
[PlyCount "82"]
[EventDate "2009.05.28"]

1. d4 Nf6 2. c4 d6 3. Nc3 Nbd7 4. e4 e5 5. d5 g6 6. Be3 Bg7 7. f3 O-O 8. Qd2 a5
9. Bd3 Ne8 10. Bg5 f6 11. Bh4 Nc5 12. Bc2 c6 13. Nge2 Qc7 14. g4 Kh8 15. O-O-O
Qf7 16. Bf2 Nd7 17. Ng3 Rg8 18. h4 Bf8 19. Be3 Nc5 20. Qe2 cxd5 21. cxd5 b6 22.
Rdg1 Ba6 23. Qd1 b5 24. f4 b4 25. Na4 Bb5 26. Rg2 Qc7 27. Kb1 Rb8 28. h5 Qd7
29. hxg6 Rxg6 30. Nxc5 dxc5 31. Rgh2 Qxg4 32. Rxh7+ Kg8 33. Rh8+ Kf7 34. R1h7+
Ng7 35. Qxg4 Rxg4 36. Nf5 Rg2 37. fxe5 fxe5 38. b3 c4 39. Nd6+ Bxd6 40. Rxb8
Bxb8 41. bxc4 Bxc4 0-1

[Event "TOP 16 Poule Basse"]
[Site "Le Port Marly FRA"]
[Date "2009.05.29"]
[Round "9"]
[White "Le Roy, B."]
[Black "Riazantsev, A."]
[Result "0-1"]
[WhiteElo "2307"]
[BlackElo "2635"]
[PlyCount "56"]
[EventDate "2009.05.28"]

1. e4 c6 2. Nc3 d5 3. Qf3 dxe4 4. Nxe4 Nf6 5. Bc4 Nbd7 6. d4 Nb6 7. Nxf6+ gxf6
8. Qb3 Nxc4 9. Qxc4 Rg8 10. Ne2 Rxg2 11. Be3 Qa5+ 12. c3 Be6 13. Qd3 Bf5 14.
Qd2 Be4 15. c4 Qxd2+ 16. Kxd2 O-O-O 17. Ng3 Bf3 18. Nf5 Rg4 19. h3 Re4 20. Rhg1
e6 21. Rg3 Bh5 22. f3 Re5 23. Nh4 Bc5 24. Kd3 Bxd4 25. Bxd4 c5 26. Rg8 Rxg8 27.
Bxe5 fxe5 28. Ke4 f6 0-1

[Event "TOP 16 Poule Basse"]
[Site "Le Port Marly FRA"]
[Date "2009.05.29"]
[Round "9"]
[White "Landenbergue, C."]
[Black "Neiman, E."]
[Result "0-1"]
[WhiteElo "2410"]
[BlackElo "2355"]
[PlyCount "128"]
[EventDate "2009.05.28"]

1. e4 e5 2. Nf3 Nf6 3. Nc3 Nc6 4. Bb5 Bb4 5. O-O O-O 6. d3 Bxc3 7. bxc3 d6 8.
h3 Ne7 9. Re1 Bd7 10. Bc4 b5 11. Bb3 a5 12. a4 bxa4 13. Bxa4 Bxa4 14. Rxa4 Qd7
15. Ra1 Ng6 16. c4 Qc6 17. Nh2 Nd7 18. Ng4 f5 19. exf5 Rxf5 20. Re4 Nc5 21. Ne3
Rf4 22. Rxf4 Nxf4 23. Qf1 Qd7 24. Kh2 c6 25. Qd1 a4 26. d4 exd4 27. Qxd4 Ne2
28. Qd2 Nxc1 29. Qxc1 Qe6 30. Ra3 Qe5+ 31. Kg1 Rb8 32. Ng4 Qb2 33. Qe3 Qxc2 34.
Qf4 Rb3 35. Qxd6 Qc1+ 36. Kh2 Qxa3 37. Qd8+ Kf7 38. Ne5+ Ke6 39. Qe8+ Kd6 40.
f4 Kc7 41. Qxc6+ Kb8 42. Qd6+ Ka8 43. Qd8+ Kb7 44. Qd5+ Ka7 45. Nc6+ Kb6 46.
Nd4 Nb7 47. Qe6+ Qd6 48. c5+ Kxc5 49. Nxb3+ axb3 50. Qxb3 Qxf4+ 51. Kh1 Qc1+
52. Kh2 Nd6 53. Qg3 g6 54. Qe5+ Kc6 55. Qf6 Qe3 56. Qg7 Qf4+ 57. Kg1 Qf7 58.
Qc3+ Kd7 59. Qd4 h5 60. Qa7+ Ke6 61. Qe3+ Kf6 62. Qd4+ Ke7 63. Qa7+ Kf8 64. Qd4
Nf5 0-1

[Event "TOP 16 Poule Basse"]
[Site "Le Port Marly FRA"]
[Date "2009.05.29"]
[Round "9"]
[White "Koch, JR."]
[Black "Vuilleumier, A."]
[Result "1-0"]
[WhiteElo "2453"]
[BlackElo "2312"]
[PlyCount "97"]
[EventDate "2009.05.28"]

1. c4 Nf6 2. Nf3 e6 3. b3 d5 4. e3 c5 5. Bb2 Nc6 6. d4 cxd4 7. exd4 Bb4+ 8.
Nbd2 O-O 9. a3 Bxd2+ 10. Nxd2 dxc4 11. Nxc4 b5 12. Ne3 Nd5 13. Qd3 b4 14. Be2
Bb7 15. Nxd5 Qxd5 16. Bf3 Qd6 17. Qb5 Rab8 18. O-O Rfc8 19. Rfd1 Ba8 20. Qg5 f6
21. Qg4 Ne7 22. Bxa8 Rxa8 23. axb4 Nd5 24. b5 f5 25. Qe2 Nf4 26. Qf3 Nd5 27.
Re1 Rc2 28. Ba3 Qd7 29. Bc5 Rc3 30. Qe2 Rxb3 31. Qxe6+ Qxe6 32. Rxe6 Rxb5 33.
g3 a5 34. Re5 Nc3 35. Kg2 Rb1 36. Ra3 Nb5 37. Ra4 Nc3 38. Rc4 Ne4 39. Rxf5 h6
40. Re5 Nd2 41. Ra4 Nb3 42. Bb6 Rd1 43. Re3 Ra1 44. Rxa1 Nxa1 45. d5 Nc2 46.
Re2 Nb4 47. d6 a4 48. d7 a3 49. Re8+ 1-0

[Event "TOP 16 Poule Basse"]
[Site "Le Port Marly FRA"]
[Date "2009.05.29"]
[Round "9"]
[White "Derieux, C."]
[Black "Hisler, T."]
[Result "0-1"]
[WhiteElo "2144"]
[BlackElo "2232"]
[PlyCount "56"]
[EventDate "2009.05.28"]

1. d4 f5 2. c4 e6 3. e3 Nf6 4. Bd3 b6 5. Ne2 Bb7 6. f3 Bd6 7. Nbc3 O-O 8. Qc2
c5 9. Bd2 Nc6 10. a3 Rc8 11. O-O Qe8 12. Be1 Qh5 13. Bg3 Bxg3 14. Nxg3 Qh6 15.
Qf2 f4 16. exf4 Nxd4 17. Nge2 Nh5 18. Nxd4 cxd4 19. Qxd4 Nxf4 20. Rad1 Qg5 21.
g3 d5 22. Ne2 e5 23. Qc3 Nxd3 24. Qxd3 dxc4 25. Qd7 Qe3+ 26. Rf2 Bxf3 27. Qe6+
Kh8 28. Rd7 Bd5 0-1

[Event "TOP 16 Poule Basse"]
[Site "Le Port Marly FRA"]
[Date "2009.05.29"]
[Round "9"]
[White "Pucher, O."]
[Black "Stenel, V."]
[Result "1/2-1/2"]
[WhiteElo "2313"]
[BlackElo "2103"]
[PlyCount "74"]
[EventDate "2009.05.28"]

1. d4 e6 2. c4 Nf6 3. Nf3 c5 4. Nc3 cxd4 5. Nxd4 d5 6. cxd5 Nxd5 7. Bd2 Bc5 8.
Nb3 Bb6 9. Nxd5 Qxd5 10. Bc3 Qxd1+ 11. Rxd1 O-O 12. g4 Nc6 13. Bg2 Rd8 14.
Rxd8+ Nxd8 15. O-O e5 16. h3 f6 17. Na5 Be6 18. a3 Rb8 19. Rd1 Kf7 20. e3 Bc5
21. Rd2 b6 22. Nc6 Nxc6 23. Bxc6 Be7 24. Kg2 Rc8 25. Bd7 Rd8 26. Bc6 Rxd2 27.
Bxd2 Bb3 28. Kf3 Ke6 29. e4 Bc5 30. Bc3 Bd1+ 31. Kg3 Bb3 32. Bb5 g5 33. Kf3
Bd1+ 34. Be2 Bb3 35. Ba6 Bd1+ 36. Be2 Bb3 37. Ba6 Bd1+ 1/2-1/2

[Event "TOP 16 Poule Basse"]
[Site "Le Port Marly FRA"]
[Date "2009.05.29"]
[Round "9"]
[White "Choisy, M."]
[Black "Leclair, M."]
[Result "1-0"]
[WhiteElo "2139"]
[BlackElo "1987"]
[PlyCount "91"]
[EventDate "2009.05.28"]

1. e4 c5 2. b3 b6 3. Nc3 Bb7 4. Nf3 e6 5. Bb2 a6 6. Qe2 Nc6 7. O-O-O Rc8 8. Qe3
Nf6 9. h3 Be7 10. e5 Ng8 11. Ne4 f5 12. Ng3 Nh6 13. Nh5 O-O 14. Rg1 Nb4 15. Kb1
Nd5 16. Qe2 b5 17. g3 c4 18. Nf4 cxb3 19. axb3 Qa5 20. Nxd5 Bxd5 21. Nd4 Qb6
22. Bg2 Bxg2 23. Rxg2 Bc5 24. Qd3 Nf7 25. f4 d6 26. Nxe6 dxe5 27. Nxf8 Bxf8 28.
fxe5 Qe6 29. Rf2 g6 30. Qe2 Bg7 31. d4 Rd8 32. h4 Rd5 33. Rg1 Nh6 34. Qf3 Ng4
35. Re2 b4 36. h5 Rd8 37. hxg6 hxg6 38. Rd1 Qe8 39. Ree1 a5 40. d5 a4 41. e6
Bxb2 42. Kxb2 a3+ 43. Ka2 Nf6 44. d6 Ne4 45. Rxe4 fxe4 46. Qxe4 1-0